| 000 | 00689nam a2200229 a 4500 | ||
|---|---|---|---|
| 005 | 20210219153345.0 | ||
| 008 | 991125n 000 0 u | ||
| 035 | _aUPN01000093727 | ||
| 100 | _aMoore, John W | ||
| 222 | _aNEW DIRECTIONS FOR INSTITUTIONAL RESEARCH | ||
| 245 | _aPresidential accountability for intercollegiate athletics : the essential information | ||
| 300 | _a29-34 | ||
| 362 | _aNo. 74, 1992 | ||
| 505 | _aEnero 1993 | ||
| 653 | 0 | _aATLETISMO ESCOLAR | |
| 653 | 0 | _aEVALUACION DE PROGRAMAS | |
| 653 | 0 | _aINVESTIGACION INSTITUCIONAL | |
| 653 | 0 | _aNECESIDADES DE INFORMACION | |
| 653 | 0 | _aPAPEL DEL ADMINISTRADOR | |
| 904 |
_aAC _b031538 |
||
| 905 | _aArticulo | ||
| 999 |
_c74796 _d74796 |
||